[Event "Saarland-ch B 85th"]
[Site "Homburg"]
[Date "2010.04.02"]
[Round "8"]
[White "Simic, Dino"]
[Black "Ley, Stefan"]
[Result "1-0"]
[WhiteElo "1511"]
[BlackElo "1452"]
[PlyCount "80"]
[EventDate "2010.03.28"]
[EventType "swiss"]
[EventRounds "9"]
[EventCountry "GER"]
[SourceTitle "EXT 2011"]
[Source "ChessBase"]
[SourceDate "2010.11.26"]
[SourceVersion "1"]
[SourceVersionDate "2010.11.26"]
[SourceQuality "1"]

1. e4 c5 2. Nf3 Nc6 3. d4 cxd4 4. Nxd4 Nf6 5. Nc3 d6 6. Be3 Bd7 7. f3 a6 8. Qd2 e6 9. 0-0-0 Be7 10. g4 h6 11. Be2 b5 12. a3 Ne5 13. h4 Nc4 14. Bxc4 bxc4 15. g5 Ng8 16. Nde2 Bc6 17. Qd4 e5 18. Qxc4 Qd7 19. Nd5 Bxd5 20. Qxd5 Rc8 21. Ng3 g6 22. f4 Qc7 23. Rd2 hxg5 24. hxg5 Rxh1+ 25. Nxh1 Qc5 26. fxe5 Qxd5 27. exd5 Kd7 28. exd6 Bxd6 29. Nf2 Rc4 30. Rd4 Rxd4 31. Bxd4 Ne7 32. c4 Bf4+ 33. Kc2 Bxg5 34. Ne4 Bh4 35. b4 Nf5 36. Kd3 g5 37. Nc5+ Kc8 38. Bf6 Nd6 39. Ne4 Ne8 40. Bxg5 Be1 1-0

[Event "Saarland-ch B 85th"]
[Site "Homburg"]
[Date "2010.03.28"]
[Round "2"]
[White "Engel, Markus"]
[Black "Simic, Dino"]
[Result "0-1"]
[WhiteElo "1399"]
[BlackElo "1511"]
[PlyCount "74"]
[EventDate "2010.03.28"]
[EventType "swiss"]
[EventRounds "9"]
[EventCountry "GER"]
[SourceTitle "EXT 2011"]
[Source "ChessBase"]
[SourceDate "2010.11.26"]
[SourceVersion "1"]
[SourceVersionDate "2010.11.26"]
[SourceQuality "1"]

1. e4 e6 2. d4 d5 3. exd5 exd5 4. Nf3 Bd6 5. b3 Bg4 6. Be2 Ne7 7. 0-0 Nbc6 8. Re1 Qd7 9. c4 Bb4 10. Nbd2 Bc3 11. Rb1 Bf5 12. cxd5 Nxd4 13. Nxd4 Bxd4 14. Nf3 Bc3 15. Bd2 Bxd2 16. Qxd2 Bxb1 17. Rxb1 0-0-0 18. Bc4 f6 19. Rd1 Kb8 20. Qb4 Qd6 21. Qd2 Rhe8 22. a4 c6 23. Qc1 Nxd5 24. Nd4 Qe5 25. Nf3 Qf4 26. Rd2 Qc7 27. g3 Nb6 28. Bd3 Re6 29. Qd1 h6 30. Kg2 Red6 31. Qc2 Qd7 32. Ne1 Rd4 33. Qc3 Qd5+ 34. Kf1 Qh1+ 35. Ke2 Re8+ 36. Kd1 Rxe1+ 37. Kc2 Rc1+ 0-1